| 000 | 01367nam a22003377i 4500 | ||
|---|---|---|---|
| 003 | EG-ScBUE | ||
| 005 | 20221127121934.0 | ||
| 008 | 220731s1993 ua f 000 0 ara d | ||
| 017 | _a93 / 7079 | ||
| 020 | _a9775454018 | ||
| 040 |
_aEG-ScBUE _bara _erda _cEG-ScBUE _dEG-ScBUE |
||
| 041 | 1 |
_aara _heng |
|
| 082 | 0 | 4 |
_222 _a621.312136 _bف ل ا |
| 100 | 1 |
_aفلافين، كريستوفر، _eمؤلف. |
|
| 240 | 1 | 0 |
_aWind power : a turning point. _lArabic |
| 245 | 1 | 0 |
_aطاقة الرياح : _bنقطة تحول / _cتأليف كريستوفر فلافين ؛ ترجمة الدكتور سيد رمضان هدارة. |
| 250 | _aالطبعة العربية الأولى. | ||
| 264 | 1 |
_aالقاهرة : _bالجمعية المصرية لنشر المعرفة والثقافة العالمية، _c1993. |
|
| 300 |
_a87 صفحة ؛ _c24 سم |
||
| 336 |
_2rdacontent _aنص _btxt |
||
| 337 |
_2rdamedia _aبدون وسيط _bn |
||
| 338 |
_2rdacarrier _aمجلد _bnc |
||
| 541 | _aBook from store. | ||
| 546 | _aالنص باللغة العربية وتم ترجمته من اللغة الإنجليزية. | ||
| 650 | 7 |
_aدرجة حرارة الأرض. _2BUEsh |
|
| 650 | 7 |
_aطاقة الرياح. _2BUEsh |
|
| 653 |
_bGGEN _cNovember2022 |
||
| 655 | _vReading book | ||
| 700 | 1 |
_aهدارة، سيد رمضان، _eمترجم. |
|
| 942 | _2ddc | ||
| 999 |
_c30046 _d30017 |
||